[Event "NLD-ch sf"]
[Site "Enschede"]
[Date "1992.??.??"]
[Round "1"]
[White "Hoeksema, Hendrik Pieter"]
[Black "Konings, Leon"]
[Result "1-0"]
[WhiteElo "2415"]
[BlackElo "2240"]

1.d4 d5 2.c4 e6 3.Nc3 Be7 4.Nf3 Nf6 5.Bf4 O-O 6.e3 c5 7.dxc5 Qa5 8.a3 dxc4
9.Bxc4 Qxc5 10.Qe2 Nc6 11.b4 Qh5 12.O-O Nd5 13.Nxd5 exd5 14.Bb3 Be6 15.Qb5 Bf6
16.Rad1 Rad8 17.Qxb7 Ne7 18.Nd4 Ng6 19.Bg3 Rfe8 20.Qa6 Bg4 21.f3 Bc8 22.Qxa7 Re7
23.Qc5 Rxe3 24.Nc6 Rde8 25.Bxd5 Nh4 26.Bxh4 Bxh4 27.a4 Re2 28.Nd4 R2e5 29.Qc6 Bg5
30.f4 Bxf4 31.g3 Be3+ 32.Kh1 Rf8 33.Nf3 Re7 34.Qc4 Bg4 35.Rde1 h6 36.Nd4 Rc8
37.Nc6 Rxc6 38.Qxc6 Kh7 39.Be4+ f5 40.Bf3 Rc7 41.Bxg4 Qxg4 42.Qd5  1-0

[Event "Erkelmem op"]
[Site "Erkelmem"]
[Date "1992.??.??"]
[Round "?"]
[White "Dovzik, Juri"]
[Black "Dumitrache, Dragos"]
[Result "0-1"]
[WhiteElo "2360"]
[BlackElo "2375"]

1.d4 d5 2.Nf3 Nf6 3.c4 e6 4.Nc3 Be7 5.Bf4 O-O 6.e3 c5 7.Be2 cxd4 8.exd4 dxc4
9.Bxc4 Nbd7 10.O-O Nb6 11.Bd3 Nbd5 12.Bg5 Bd7 13.Ne5 Rc8 14.Qf3 Bc6 15.Qh3 g6
16.Bh6 Re8 17.Rfe1 Bf8 18.Bg5 Be7 19.Bc4 Nh5 20.Bxe7 Rxe7 21.Nxc6 bxc6 22.Qf3 Rb8
23.Bb3 Rd7 24.Ne4 Nhf6 25.Nc5 Rd6 26.g3 Nc7 27.Bc4 Nb5 28.Bxb5 Rxb5 29.Nb3 a5
30.a4 Rb4 31.Re3 Nd5 32.Rd3 Qb6 33.h4 h5 34.Kg2 Rd8 35.Ra3 Rc4 36.Nc5 Qxb2
37.Rab3 Qa1 38.Rb7 Rf8 39.Nd7 Re8 40.Nf6+ Nxf6 41.Qxf6 Rf8 42.Re7 Rc1 43.Qf3 Qxa4
44.Rd7 Qb5  0-1

[Event "Espoo op"]
[Site "Espoo"]
[Date "1992.??.??"]
[Round "?"]
[White "Lindstedt, Johan"]
[Black "Nokso Koivisto, Antti"]
[Result "1/2-1/2"]
[WhiteElo "2330"]
[BlackElo "2330"]

1.d4 d5 2.c4 e6 3.Nc3 Nf6 4.Nf3 Be7 5.Bf4 O-O 6.e3 c5 7.dxc5 Bxc5 8.Be2 dxc4
9.Bxc4 Nc6 10.Qe2 a6 11.Rd1 Qa5 12.O-O b5 13.Bb3 Bb7 14.e4 Nh5 15.Bc1 b4
16.Na4 Be7 17.Be3 Nf6 18.Nd2 Ne5 19.f3 Bc6 20.Nb6 Bb5 21.Ndc4 Nxc4 22.Bxc4 Rab8
23.Bxb5 axb5 24.Nd7 Nxd7 25.Rxd7 Bf6  1/2-1/2

[Event "Forli op"]
[Site "Forli"]
[Date "1992.??.??"]
[Round "5"]
[White "Farago, Ivan"]
[Black "Arlandi, Ennio"]
[Result "1-0"]
[WhiteElo "2510"]
[BlackElo "2435"]

1.d4 d5 2.c4 e6 3.Nc3 Be7 4.Nf3 Nf6 5.Bf4 O-O 6.e3 c5 7.dxc5 Bxc5 8.Qc2 Nc6
9.a3 Qa5 10.Rd1 Be7 11.Nd2 e5 12.Nb3 Qb6 13.Bg5 d4 14.Bxf6 Bxf6 15.Nd5 Qd8
16.Bd3 g6 17.exd4 Nxd4 18.Nxd4 exd4 19.Nxf6+ Qxf6 20.O-O Bg4 21.f3 Bf5 22.Bxf5 gxf5
23.Qd3 Rad8 24.Rfe1 b6 25.Re2 Rd6 26.f4 Rfd8 27.Re5 Re6 28.Rxf5 Qe7 29.Qg3+ Rg6
30.Qf3 d3 31.Re5 Re6 32.Rxd3 Rxe5 33.fxe5 Qc5+ 34.Kh1 Re8 35.Qg4+ Kf8 36.Rd5 Rxe5
37.Rd8+ Re8 38.Rxe8+ Kxe8 39.Qe4+ Kf8 40.b4 Qg5 41.Qe1 Qf4 42.c5 bxc5 43.bxc5 Qc4
44.Qe3 Qf1+ 45.Qg1 Qxg1+ 46.Kxg1 Ke7 47.Kf2 Ke6 48.Kg3 Kd5 49.Kh4 Kxc5 50.Kh5 Kd4
51.Kh6 Ke3 52.Kxh7 Kf2 53.g4 Kf3 54.g5 Kg4 55.Kh6 a5 56.a4 Kh4 57.Kg7 Kxg5
58.Kxf7 Kf5 59.Ke7  1-0

[Event "Forli op"]
[Site "Forli"]
[Date "1992.??.??"]
[Round "9"]
[White "Malaniuk, Vladimir P"]
[Black "Arlandi, Ennio"]
[Result "1-0"]
[WhiteElo "2540"]
[BlackElo "2435"]

1.d4 d5 2.c4 e6 3.Nf3 Nf6 4.Nc3 Be7 5.Bf4 O-O 6.e3 c5 7.dxc5 Bxc5 8.Be2 dxc4
9.Bxc4 Qxd1+ 10.Rxd1 a6 11.Ne5 Nbd7 12.Be2 Nxe5 13.Bxe5 b5 14.Bf3 Ra7 15.Ke2 Bd7
16.Rc1 b4 17.Nd5 Bb5+ 18.Kd2 Nd7 19.Bd4 Bxd4 20.Ne7+ Kh8 21.exd4 Nb6 22.Nc6 Rd7
23.b3 e5 24.Nxe5 Rxd4+ 25.Ke3 Rd6 26.Rhd1 Re6 27.Kf4 g6 28.Rc7 Kg7 29.h4 Rf6+
30.Kg3 Re8 31.Nd3 Rd8 32.Nb2 Rxd1 33.Nxd1 Bd3 34.Rc1 Nd7 35.Ne3 a5 36.Rc7 Ne5
37.Bd5 Bb1 38.Rc1 Bf5 39.Rc5 Bb1 40.Rxa5 Nd3 41.Be4 Re6 42.f3 Ne1 43.Bxb1 Rxe3
44.Kf2 Rc3 45.Re5 Nd3+ 46.Bxd3 Rxd3 47.Ke2 Rd7 48.Ra5 Kf6 49.Ra4 Rd4 50.g3  1-0

[Event "FRA-chT"]
[Site "?"]
[Date "1992.??.??"]
[Round "?"]
[White "Chabanon, Jean Luc"]
[Black "Bouton, Christophe"]
[Result "1-0"]
[WhiteElo "2410"]
[BlackElo "2220"]

1.d4 Nf6 2.c4 e6 3.Nc3 d5 4.Nf3 Be7 5.Bf4 O-O 6.e3 c5 7.dxc5 Bxc5 8.a3 Qa5
9.b4 Bxb4 10.axb4 Qxb4 11.Qd2 Nc6 12.cxd5 exd5 13.Be2 Bf5 14.Nd4 Bg6 15.O-O Rac8
16.Rfc1 a6 17.Ra4 Qb6 18.Bg5 Nxd4 19.Rxd4 Rxc3 20.Qxc3 Ne4 21.Rxe4 Bxe4 22.Be7  1-0

[Event "Oberliga Nord O9192"]
[Site "Germany"]
[Date "1992.??.??"]
[Round "?"]
[White "Thinius, Marco"]
[Black "Rossmann, Helmut"]
[Result "1-0"]
[WhiteElo "2350"]
[BlackElo "2265"]

1.d4 d5 2.Nf3 Nf6 3.c4 e6 4.Nc3 Be7 5.Bf4 O-O 6.e3 Nbd7 7.Rc1 c6 8.Bd3 Re8
9.O-O Nf8 10.Qc2 Nh5 11.c5 Bd7 12.b4 Nxf4 13.exf4 Qc7 14.g3 f6 15.Rfe1 Bd8
16.Qb3 Re7 17.Re2 Be8 18.Rce1 Bh5 19.Re3 Bxf3 20.Rxf3 f5 21.Rfe3 Rf7 22.b5 Qa5
23.Bf1 Bf6 24.Rd1 g6 25.a4 Kg7 26.Na2 Qc7 27.Nb4 Rc8 28.Qc3 Re7 29.Rde1 Qa5
30.Rd1 Qc7 31.Nd3 b6 32.Qb4 Nd7 33.Rc1 bxc5 34.Nxc5 Nxc5 35.Rxc5 Qd6 36.Rec3 Rec7
37.a5 Rb8 38.Qa4 Qd7 39.Rxc6 Rxc6 40.Rxc6 Rc8 41.Rxc8 Qxc8 42.b6 axb6 43.a6 b5
44.Bxb5  1-0

[Event "Oberliga Nord W9192"]
[Site "Germany"]
[Date "1992.??.??"]
[Round "?"]
[White "Junge, Ralf"]
[Black "Lau, Dietmar"]
[Result "1-0"]
[WhiteElo "2375"]
[BlackElo "2270"]

1.d4 Nf6 2.c4 e6 3.Nf3 d5 4.Nc3 Be7 5.Bf4 O-O 6.e3 c5 7.dxc5 Bxc5 8.Qc2 Nc6
9.a3 Qa5 10.O-O-O dxc4 11.Bxc4 e5 12.Bg5 Be7 13.Nd2 Nd4 14.exd4 exd4 15.Bxf6 Bxf6
16.Nd5 Bg5 17.f4 Bh6 18.Nb3 Qd8 19.Rxd4 Bg4 20.Re1 Kh8 21.g3 g6 22.Ne3 Qc8
23.Nxg4 Qxg4 24.Kb1 Bg7 25.Rde4 Rac8 26.Qe2 Qf5 27.g4 Qf6 28.g5 Qf5 29.Ka2 a6
30.Nd4 Qd7 31.Nf3 b5 32.Bb3 a5 33.Ne5 Qb7 34.Ka1 f5 35.Re3 a4 36.Nxg6+  1-0

[Event "Verbandsliga Nord Baden"]
[Site "Germany"]
[Date "1992.??.??"]
[Round "?"]
[White "Grathwohl, Roland"]
[Black "Schmall, Juergen"]
[Result "1/2-1/2"]
[WhiteElo "2295"]
[BlackElo "2340"]

1.Nf3 d5 2.d4 Nf6 3.c4 e6 4.Nc3 Be7 5.Bf4 O-O 6.e3 dxc4 7.Bxc4 c5 8.O-O cxd4
9.Nxd4 a6 10.Bb3 Qa5 11.Bg3 Bd7 12.Qf3 Nc6 13.Rad1 Rfd8 14.Nde2 Be8 15.h3 Rxd1
16.Rxd1 Rd8 17.Nf4 Qb6 18.Rxd8  1/2-1/2

[Event "Bundesliga 9192"]
[Site "Germany"]
[Date "1992.??.??"]
[Round "?"]
[White "Lechtynsky, Jiri"]
[Black "Pfleger, Helmut"]
[Result "1-0"]
[WhiteElo "2410"]
[BlackElo "2495"]

1.Nf3 d5 2.d4 Nf6 3.c4 e6 4.Nc3 Be7 5.Bf4 O-O 6.e3 c6 7.h3 b6 8.Bd3 Bb7 9.cxd5 exd5
10.Ne5 Nbd7 11.Qf3 Nxe5 12.Bxe5 Nd7 13.Bf4 Re8 14.O-O-O Nf8 15.h4 Bd6 16.Ne2 c5
17.dxc5 bxc5 18.Bc4 dxc4 19.Qxb7 Rb8 20.Qa6 Qf6 21.Rd2 Bxf4 22.Qxf6 gxf6
23.Nxf4 Ng6 24.Nxg6 hxg6 25.h5 g5 26.Rd7 Rb6 27.Rhd1 Ra6 28.Kb1 Rb8 29.Rd8+ Rxd8
30.Rxd8+ Kg7 31.Rd5 Ra5 32.g4 Rb5 33.Kc2 Ra5 34.a3 Rb5 35.Rd7 a5 36.Ra7 Kg8
37.Ra6 Kg7 38.Rc6 a4 39.Ra6 Rb8 40.Rxa4 f5 41.gxf5 Rh8 42.Rxc4 Rxh5 43.Kd3 Rh2
44.Ke2 Kf6 45.Kf3  1-0

[Event "Bundesliga 9192"]
[Site "Germany"]
[Date "1992.??.??"]
[Round "?"]
[White "Gruenberg, Hans Ulrich"]
[Black "Mueller, Mat"]
[Result "1/2-1/2"]
[WhiteElo "2510"]
[BlackElo "2355"]

1.d4 d5 2.c4 e6 3.Nf3 Nf6 4.Nc3 Be7 5.Bf4 O-O 6.e3 c5 7.dxc5 Bxc5 8.Qc2 Nc6
9.a3 Qa5 10.Nd2 Bb4 11.Be2 d4 12.O-O Bxc3 13.Nb3 Qa4 14.bxc3 dxe3 15.fxe3 Na5  1/2-1/2

[Event "NRW-Liga I 9192"]
[Site "Germany"]
[Date "1992.??.??"]
[Round "?"]
[White "Molinaroli, Martin"]
[Black "Kebbekus, Thomas"]
[Result "1/2-1/2"]
[WhiteElo "2270"]
[BlackElo "2240"]

1.d4 Nf6 2.Nf3 e6 3.c4 d5 4.Nc3 Be7 5.Bf4 O-O 6.e3 c5 7.Bd3 dxc4 8.Bxc4 a6
9.dxc5 Bxc5 10.Qxd8 Rxd8 11.O-O b5 12.Rfd1 Rxd1+ 13.Rxd1 Nbd7 14.Bb3 Bb7
15.Kf1 Rc8 16.a3 Bxf3 17.gxf3 Bxa3 18.Nxb5 Bxb2 19.Nd6 Rc3 20.Ba4 Rc1 21.Rxc1 Bxc1
22.Nc4 Nc5 23.Bc2 Nd5 24.Bd6 Nd7 25.Ke1 N7b6 26.Nxb6 Nxb6 27.Bd3 a5 28.Bc7 Nd5
29.Bxa5 Ba3 30.Be4 Nf6 31.Bd3 Bd6 32.f4 Nd5 33.Be4 Nf6 34.Bd3 g6 35.Bc3 Nd5
36.Bd4 Bb4+ 37.Ke2 Bc3 38.Bc5 Kg7 39.Bc4 Nf6 40.Kf3 Nd7 41.Bd6 Kf6 42.Bb5 Nb6
43.Ke4 Be1 44.Bc5 Nd5 45.Bd4+ Ke7 46.Bc5+ Kd8 47.Bc4 Nf6+ 48.Kf3 Bc3  1/2-1/2

[Event "BL2-W9192"]
[Site "Germany"]
[Date "1992.??.??"]
[Round "?"]
[White "Meyer, Peter"]
[Black "Eng, Holger"]
[Result "1/2-1/2"]
[WhiteElo "2320"]
[BlackElo "2325"]

1.d4 d5 2.c4 e6 3.Nc3 Nf6 4.Nf3 Be7 5.Bf4 O-O 6.e3 c5 7.dxc5 Bxc5 8.cxd5 exd5
9.Be2 Nc6 10.O-O Be6 11.Rc1 Rc8 12.Nb5 Be7 13.Ne5 Qa5 14.a3 Qb6 15.b4 Ne4
16.Nxc6 bxc6 17.Nd4 Bd7 18.Bd3 Rfd8 19.Qc2 c5 20.bxc5 Rxc5 21.Qa2 Nc3 22.Qb3 Rdc8
23.Qxb6 axb6 24.Nb3 R5c6 25.Nd4 Rc5 26.Nb3 R5c6  1/2-1/2

[Event "BL2-W9192"]
[Site "Germany"]
[Date "1992.??.??"]
[Round "?"]
[White "Meyer, Holger"]
[Black "Wiemer, Ralf"]
[Result "1/2-1/2"]
[WhiteElo "2330"]
[BlackElo "2290"]

1.d4 Nf6 2.c4 e6 3.Nf3 d5 4.Nc3 Be7 5.Bf4 O-O 6.e3 c5 7.dxc5 Bxc5 8.Be2 Nc6
9.O-O dxc4 10.Bxc4 Qe7 11.Bg5 h6 12.Bh4 Rd8 13.Qe2 Qf8 14.Rfd1 Be7 15.e4 Bd7
16.Rd2 Be8 17.Rad1 Rxd2 18.Rxd2 Rd8 19.Rxd8  1/2-1/2

[Event "Goch op"]
[Site "Goch"]
[Date "1992.??.??"]
[Round "1"]
[White "Kishnev, Sergey"]
[Black "Podzielny, Karl Heinz"]
[Result "1-0"]
[WhiteElo "2530"]
[BlackElo "1825"]

1.d4 Nf6 2.c4 e6 3.Nf3 d5 4.Nc3 Be7 5.Bf4 c6 6.e3 Nbd7 7.Qc2 Nf8 8.O-O-O Ng6
9.Bg3 Qa5 10.Kb1 Bd7 11.h4 dxc4 12.Bxc4 Nh5 13.Be5 Nxe5 14.dxe5 g6 15.Ne4 O-O-O
16.Nfg5 Rdf8 17.g4 Ng7 18.Nf6 Bxf6 19.exf6  1-0

[Event "Goch op"]
[Site "Goch"]
[Date "1992.??.??"]
[Round "5"]
[White "Kishnev, Sergey"]
[Black "Meyers, Viesturs"]
[Result "1/2-1/2"]
[WhiteElo "2530"]
[BlackElo "2375"]

1.d4 d5 2.c4 e6 3.Nc3 Be7 4.Nf3 Nf6 5.Bf4 O-O 6.e3 Re8 7.Qc2 c6 8.cxd5 exd5
9.Bd3 Bg4 10.Ne5 Bh5 11.g4 Bg6 12.Bxg6 hxg6 13.O-O-O Nbd7 14.h4 Nxe5 15.dxe5 Nh7
16.h5 g5 17.Bg3 Qc8 18.f3 Bc5 19.Rd3 Bb6 20.Kb1 Bc7 21.Nxd5 Bxe5 22.Bxe5 Rxe5
23.Nc3 Nf6 24.e4 Nd7 25.Qh2 Re6 26.Ne2 Ne5 27.Re3 Qd7 28.Ng3  1/2-1/2

[Event "Groningen"]
[Site "Groningen"]
[Date "1992.??.??"]
[Round "6"]
[White "Piket, Jeroen"]
[Black "Beliavsky, Alexander G"]
[Result "1/2-1/2"]
[WhiteElo "2625"]
[BlackElo "2595"]

1.d4 Nf6 2.c4 e6 3.Nf3 d5 4.Nc3 Be7 5.Bf4 O-O 6.e3 c5 7.dxc5 Bxc5 8.a3 dxc4
9.Bxc4 a6 10.Qc2 Nbd7 11.Rd1 b5 12.Bd3 Qb6 13.O-O h6 14.Ne5 Nxe5 15.Bxe5 Ng4
16.Ne4 Nxe5 17.Qxc5 Qxc5 18.Nxc5 Ra7 19.b4 Nd7 20.Nxd7  1/2-1/2

[Event "Helsinki op"]
[Site "Helsinki"]
[Date "1992.??.??"]
[Round "2"]
[White "Dreev, Alexey"]
[Black "Geller, Efim P"]
[Result "1/2-1/2"]
[WhiteElo "2590"]
[BlackElo "2525"]

1.d4 d5 2.c4 e6 3.Nf3 Be7 4.Nc3 Nf6 5.Bf4 O-O 6.e3 c5 7.dxc5 Bxc5 8.cxd5 Nxd5
9.Nxd5 exd5 10.a3 Nc6 11.Bd3 Bb6 12.O-O Bg4 13.h3 Bh5 14.b4 Re8 15.Rc1 d4
16.g4 Bg6 17.Bxg6 hxg6 18.b5 Ne7 19.Nxd4 Nd5 20.Ne2 g5 21.Bg3 Nxe3 22.Qxd8 Raxd8
23.Rfe1 Nd5 24.Kf1 Rd7 25.Red1 Red8 26.Nc3 f6 27.Rd3  1/2-1/2

[Event "HUN-ch (Women)"]
[Site "?"]
[Date "1992.??.??"]
[Round "6"]
[White "Nemeth, Maria"]
[Black "Medvegy, Nora"]
[Result "1-0"]
[WhiteElo "2115"]
[BlackElo "2100"]

1.d4 d5 2.c4 e6 3.Nf3 Nf6 4.Nc3 Be7 5.Bf4 c6 6.e3 Nbd7 7.cxd5 exd5 8.Bd3 O-O
9.O-O Re8 10.Rc1 Nf8 11.Ne5 Ng6 12.Bg3 Bd6 13.f4 Qe7 14.Qf3 Bc7 15.Rce1 Qb4
16.Rb1 Qf8 17.h3 Bd7 18.Nxd7 Nxd7 19.f5 Bxg3 20.fxg6 fxg6 21.Qxg3  1-0

[Event "HUN-chT"]
[Site "HUN"]
[Date "1992.??.??"]
[Round "?"]
[White "Sarosi, Zoltan"]
[Black "Pasztor, Ferenc"]
[Result "0-1"]
[WhiteElo "2320"]
[BlackElo "2235"]

1.d4 d5 2.c4 e6 3.Nf3 Be7 4.Nc3 Nf6 5.Bf4 c6 6.e3 Nbd7 7.h3 Qa5 8.Nd2 O-O
9.Bd3 c5 10.Nb3 Qb6 11.O-O cxd4 12.exd4 dxc4 13.Bxc4 Bd6 14.Be3 Bb8 15.g3 Bxg3
16.fxg3 Qc7 17.Qf3 Qxc4 18.Rad1 Nd5 19.Ne4 N7f6 20.Nxf6+ Nxf6 21.Bg5 Nd5
22.Nc5 Qxa2 23.Rf2 b6 24.Ne4 Bb7 25.Nd6 Rab8 26.b3 Qa3 27.Nxf7 Nf6 28.Qf4 Qxb3
29.Rc1 Qd5 30.Kf1 Qh1+ 31.Ke2 Qe4+ 32.Kf1 Qxf4 33.Bxf4 Ne4 34.Bxb8 Nxf2 35.Kxf2 Rxb8
36.Ne5 Bd5 37.h4 a5 38.g4 a4 39.g5 a3 40.h5 a2 41.Ke3 Ra8 42.Ra1 b5 43.Kd2  0-1

[Event "HUN-chT"]
[Site "HUN"]
[Date "1992.??.??"]
[Round "?"]
[White "Borsi, Imre"]
[Black "Pasztor, Ferenc"]
[Result "1/2-1/2"]
[WhiteElo "2215"]
[BlackElo "2235"]

1.d4 d5 2.c4 e6 3.Nc3 Nf6 4.Nf3 Be7 5.Bf4 c6 6.e3 Nh5 7.Be5 Nd7 8.Nd2 Nxe5
9.Qxh5 Nd7 10.Bd3 Nf6 11.Qe2 c5 12.dxc5 Bxc5 13.cxd5 exd5 14.Bb5+ Kf8 15.O-O a6
16.Ba4 b5 17.Bb3 Bb7 18.Rad1  1/2-1/2

[Event "Iraklion op"]
[Site "Iraklion"]
[Date "1992.??.??"]
[Round "4"]
[White "Blees, Albert"]
[Black "Kotronias, Vasilios"]
[Result "0-1"]
[WhiteElo "2410"]
[BlackElo "2560"]

1.d4 Nf6 2.c4 e6 3.Nf3 d5 4.Nc3 Be7 5.Bf4 O-O 6.e3 c5 7.dxc5 Bxc5 8.Bd3 Nc6
9.O-O dxc4 10.Bxc4 a6 11.Qe2 Be7 12.Rfd1 Qa5 13.h3 b5 14.Bd3 Nb4 15.Bb1 Bb7
16.e4 Rfd8 17.Bd2 Qc7 18.a3 Nc6 19.e5 Nd7 20.Bf4 Nf8 21.Rc1 Rac8 22.Kh2 Qb8
23.Re1 f5 24.Ba2 b4 25.Na4 Nd4 26.Nxd4 Rxd4 27.Be3 Re4 28.f4 bxa3 29.Nb6 Bc5
30.Nxc8 Bxe3 31.Ne7+ Kf7 32.Kh1 Kxe7 33.Qd3 Bxf4 34.Qxa3+ Kf7 35.Rxe4 Bxe4
36.Qxa6 Qxb2 37.Qa7+ Kg6 38.Rg1 Qc3  0-1

[Event "Javea"]
[Site "Javea"]
[Date "1992.??.??"]
[Round "1"]
[White "Eslon, Jaan"]
[Black "Hoffman, Alejandro"]
[Result "0-1"]
[WhiteElo "2420"]
[BlackElo "2445"]

1.d4 d5 2.c4 e6 3.Nc3 Nf6 4.Nf3 Be7 5.Bf4 O-O 6.e3 c5 7.dxc5 Bxc5 8.Qc2 Nc6
9.a3 Qa5 10.O-O-O Be7 11.Kb1 Bd7 12.h3 Rfc8 13.g4 b5 14.cxb5 Nd8 15.Nd2 a6
16.g5 Nh5 17.Nb3 Qb6 18.Be5 Bxb5 19.Bd4 Qb8 20.Bxb5 axb5 21.Qe2 b4 22.axb4 Qxb4
23.Nc1 g6 24.N3a2 Qb8 25.h4 Nc6 26.Bc3 Na7 27.f4 Nb5 28.Qd2 Ng3 29.Be5 Bd6
30.Bxd6 Nxd6 31.Rh2 Nc4 32.Qe1 Na3+ 33.Ka1 Nc2+ 34.Rxc2 Rxc2 35.Nd3 Qb3  0-1

[Event "JUG-ch"]
[Site "Kladovo"]
[Date "1992.??.??"]
[Round "3"]
[White "Ljubinkovic, Miodrag"]
[Black "Vukovic, Zdravko"]
[Result "1/2-1/2"]
[WhiteElo "2365"]
[BlackElo "2430"]

1.d4 d5 2.c4 e6 3.Nf3 Nf6 4.Nc3 Be7 5.Bf4 O-O 6.e3 Nc6 7.a3 a6 8.Rc1 Nh5
9.Bg3 g6 10.Be2 Nxg3 11.hxg3 Bf6 12.O-O Ne7 13.Qc2 Bg7 14.Rfd1 c6 15.c5 f5
16.Na4 Bf6 17.Nb6 Rb8 18.b4 g5 19.Bd3 Rf7 20.a4 h5 21.Rb1 h4 22.gxh4 gxh4
23.Kf1 Bd7 24.Ke2 Be8 25.Rh1 Nc8 26.Nxc8 Rxc8 27.Rh2 Rg7 28.Rbh1 Bh5 29.Kf1 Bxf3
30.gxf3  1/2-1/2

[Event "Lippstadt"]
[Site "Lippstadt"]
[Date "1992.??.??"]
[Round "?"]
[White "Ree, Hans"]
[Black "Boensch, Uwe"]
[Result "1/2-1/2"]
[WhiteElo "2450"]
[BlackElo "2490"]

1.d4 Nf6 2.c4 e6 3.Nf3 d5 4.Nc3 Be7 5.Bf4 O-O 6.e3 c5 7.dxc5 Bxc5 8.cxd5 Nxd5
9.Nxd5 exd5 10.a3 Nc6 11.b4 Be7 12.Bd3 Bf6 13.Rb1 Bg4 14.O-O d4 15.b5 Ne7
16.exd4 Nd5 17.Bd2 Qd6 18.h3 Bh5 19.a4 Rad8 20.Be4 Bxd4 21.Ba5 Bb6 22.Bxb6 axb6
23.Qd4 Bg6 24.Bxg6 hxg6 25.Rfd1 Qf6 26.Rbc1 Nc3 27.Qxf6 Rxd1+ 28.Rxd1 gxf6
29.Rd6 Nxa4 30.Rxf6 Kg7 31.Rd6 Re8 32.Rd7 Nc5 33.Rd5 Re4 34.Nd4 Kf6 35.Nc2  1/2-1/2

[Event "Lloyds Bank op"]
[Site "London"]
[Date "1992.??.??"]
[Round "?"]
[White "Pein, Malcolm"]
[Black "Dunn, Andrew"]
[Result "1-0"]
[WhiteElo "2445"]
[BlackElo "2245"]

1.d4 d5 2.c4 e6 3.Nc3 Be7 4.Nf3 Nf6 5.Bf4 O-O 6.e3 c5 7.dxc5 Bxc5 8.Qc2 Nc6
9.O-O-O Qa5 10.Nd2 Be7 11.Be2 e5 12.Bg5 Nb4 13.Qb1 dxc4 14.Nxc4 Qc7 15.a3 Be6
16.Bxf6 Bxf6 17.Qe4 Na2+ 18.Nxa2 Bxc4 19.Qxc4 Qxc4+ 20.Bxc4 Rfc8 21.b3 b5
22.Nc3 bxc4 23.b4 Be7 24.Rd7 Bf8 25.Kb2 g6 26.Rhd1 a6 27.R1d5 f5 28.Rxe5 Re8
29.Rxe8 Rxe8 30.Kc2 Bg7 31.Rc7 f4 32.exf4 Bxc3 33.Kxc3 Re2 34.a4  1-0

[Event "Manila ol (Men)"]
[Site "Manila"]
[Date "1992.??.??"]
[Round "?"]
[White "Dreev, Alexey"]
[Black "Nenashev, Alexander"]
[Result "0-1"]
[WhiteElo "2580"]
[BlackElo "2515"]

1.d4 d5 2.c4 e6 3.Nf3 Nf6 4.Nc3 Be7 5.Bf4 O-O 6.e3 dxc4 7.Bxc4 a6 8.Bd3 Nbd7
9.e4 c5 10.e5 Nh5 11.Be3 cxd4 12.Nxd4 g6 13.Be2 Nxe5 14.f4 Nc6 15.Bxh5 gxh5
16.Qxh5 Nxd4 17.O-O-O Bf6 18.Rd3 Nb3+ 19.Kc2 Qa5 20.Qg4+ Kh8 21.axb3 Bxc3
22.Rxc3 e5 23.Qh5 f6 24.Rc5 Qb6 25.f5 Bd7 26.Rd1 Bc6 27.Qh4 Rad8 28.Rc3 Qc7
29.Rxd8 Qxd8 30.Bc5 Rf7 31.Rd3 Qc8 32.Qc4 Rg7 33.Bb6 Qxf5 34.Kc3 Rg8 35.Qf7 Qg6
36.Qe7 Qg7 37.Bd8 Rf8 38.Rg3 Qxe7 39.Bxe7 Rf7 40.Bc5 h6 41.Be3 Kh7 42.Kd2 f5
43.Bc5 f4 44.Rg4 Rf5 45.g3 Rh5 46.gxf4 Rxh2+ 47.Ke3 Rh3+ 48.Kd2 h5 49.Rg5 exf4
50.b4 Rh2+ 51.Ke1 Kh6 52.Rf5 f3 53.Bf2 Rg2 54.Rf4 Kg5 55.Rf8 Rg4 56.Rg8+ Kf4
57.Rf8+ Ke5 58.b5 Re4+ 59.Kd1 Bxb5 60.Rh8 Re2 61.Rxh5+ Kf4  0-1

[Event "Capablanca mem-B"]
[Site "Matanzas"]
[Date "1992.??.??"]
[Round "10"]
[White "Vera, Reynaldo"]
[Black "Garcia, Gildardo"]
[Result "1-0"]
[WhiteElo "2495"]
[BlackElo "2485"]

1.d4 d5 2.c4 e6 3.Nc3 Nf6 4.Nf3 Be7 5.Bf4 O-O 6.e3 c5 7.dxc5 Bxc5 8.Qc2 Nc6
9.a3 Qa5 10.O-O-O Bd7 11.g4 Rfc8 12.Kb1 Bf8 13.Ng5 g6 14.h4 Bg7 15.h5 Be8
16.hxg6 hxg6 17.f3 b5 18.cxb5 Ne7 19.Be5 d4 20.Bxd4 Ned5 21.Nxd5 Rxc2 22.Nxf6+ Kf8
23.Ngh7+ Ke7 24.Bc5+  1-0

[Event "Capablanca mem-C"]
[Site "Matanzas"]
[Date "1992.??.??"]
[Round "11"]
[White "Alvarez Ibarra, D Rafael"]
[Black "Perez, Rodney"]
[Result "1/2-1/2"]
[WhiteElo "2360"]
[BlackElo "2285"]

1.Nf3 Nf6 2.d4 d5 3.c4 e6 4.Nc3 Be7 5.Bf4 O-O 6.e3 c5 7.dxc5 Bxc5 8.cxd5 Nxd5
9.Nxd5 exd5 10.a3 Nc6 11.Bd3 Bb6 12.O-O Bg4 13.h3 Bh5  1/2-1/2

[Event "Moscow ZSKS"]
[Site "Moscow"]
[Date "1992.??.??"]
[Round "?"]
[White "Kharitonov, Andrei Y"]
[Black "Shvedchikov, Anatoli I"]
[Result "1/2-1/2"]
[WhiteElo "2505"]
[BlackElo "2330"]

1.d4 d5 2.c4 e6 3.Nf3 Be7 4.Nc3 Nf6 5.Bf4 O-O 6.e3 b6 7.cxd5 exd5 8.Ne5 Bb7
9.Bd3 Nbd7 10.O-O a6 11.Qf3 Re8 12.Qh3 Nf8 13.Bg5 c5 14.Qf3  1/2-1/2

[Event "Munich op9192"]
[Site "Munich"]
[Date "1992.??.??"]
[Round "7"]
[White "Van der Sterren, Paul"]
[Black "Boensch, Uwe"]
[Result "1-0"]
[WhiteElo "2485"]
[BlackElo "2560"]

1.d4 d5 2.c4 e6 3.Nc3 Nf6 4.Nf3 Be7 5.Bf4 O-O 6.e3 c5 7.dxc5 Bxc5 8.cxd5 Nxd5
9.Nxd5 exd5 10.a3 Nc6 11.Bd3 Be7 12.O-O Bf6 13.Qb3 g6 14.Rad1 Na5 15.Qa4 Be6
16.Bh6 Re8 17.Bb5 Re7 18.Bg5 Bxg5 19.Nxg5 Qb6 20.Qh4 h5 21.Be2 Qxb2 22.Nxe6 Rxe6
23.Bf3 Qxa3 24.Bxd5 Qe7 25.Qa4 Ra6 26.Rb1 Nc6 27.Qc2 Nd8 28.e4 Rb6 29.Rxb6 axb6
30.Rb1 Ne6 31.g3 Nd4 32.Qd3 Qc5 33.Rd1 Nc6 34.Qf3 Qe7 35.Rb1 b5 36.Qb3 Nd4
37.Qe3 Ra4 38.Kg2 Kg7 39.h4 b6 40.Rc1 Qd6 41.Rc8 Qe5 42.Qc3 b4 43.Qc4 Qf6
44.e5 Qxe5 45.Rc7 Ra1 46.Rxf7+ Kh6 47.Kh2 Nf5 48.Qxb4  1-0

[Event "NLD-ch"]
[Site "?"]
[Date "1992.??.??"]
[Round "?"]
[White "Cifuentes Parada, Roberto"]
[Black "Van der Sterren, Paul"]
[Result "1-0"]
[WhiteElo "2540"]
[BlackElo "2535"]

1.d4 d5 2.c4 e6 3.Nf3 Nf6 4.Nc3 Be7 5.Bf4 O-O 6.e3 c5 7.dxc5 Bxc5 8.Be2 dxc4
9.Bxc4 a6 10.O-O b5 11.Bd3 Bb7 12.Qe2 Nbd7 13.Rfd1 Qb6 14.a4 b4 15.Nb1 Rfe8
16.Bg3 e5 17.Bc4 h6 18.a5 Qa7 19.Nbd2 e4 20.Ne1 Ne5 21.Bxe5 Rxe5 22.Nb3 Bf8
23.Nc2 Qb8 24.Rd4 Rh5 25.h3 Bc8 26.Rxe4 Rg5 27.h4 Rg6 28.Bxf7+  1-0

[Event "NLD-ch"]
[Site "?"]
[Date "1992.??.??"]
[Round "?"]
[White "Brenninkmeijer, Joris"]
[Black "Van der Sterren, Paul"]
[Result "1/2-1/2"]
[WhiteElo "2500"]
[BlackElo "2535"]

1.d4 Nf6 2.c4 e6 3.Nf3 d5 4.Nc3 Be7 5.Bf4 O-O 6.e3 c5 7.dxc5 Bxc5 8.cxd5 Nxd5
9.Nxd5 exd5 10.a3 Nc6 11.Bd3 Bb6 12.O-O Qf6 13.b4 Bf5 14.b5 Nd4 15.Ne5 Bxd3
16.Qxd3 Rfd8 17.a4 Ne6 18.a5 Bc7 19.Ng4 Qg6 20.Qxg6 hxg6 21.Bxc7 Nxc7 22.Rfb1 d4
23.exd4 Rd5 24.b6 axb6 25.axb6 Rxa1 26.Rxa1 Ne6 27.Ra8+ Kh7 28.h4 Rxd4 29.Ne5 Rd8
30.Rxd8 Nxd8 31.f3 f6 32.Nc4 Kg8 33.Kf2 Kf7 34.Ke3 Ke6 35.Kd4 Kd7 36.Kd5 Nc6
37.Kc5 Nd8 38.g3 Ke6 39.Nd6 g5 40.h5 f5 41.g4 fxg4 42.fxg4 Ke5 43.Ne8 Nf7
44.Nxg7 Nh6 45.Ne8 Nxg4 46.Nd6 Nf6 47.Nxb7 Nd7+ 48.Kc6 Nxb6 49.Kxb6 g4 50.h6  1/2-1/2

[Event "NOR-chT east"]
[Site "NOR"]
[Date "1992.??.??"]
[Round "7"]
[White "Skogen, Sverre"]
[Black "Elseth, Roar"]
[Result "1/2-1/2"]
[WhiteElo "2220"]
[BlackElo "2340"]

1.d4 Nf6 2.c4 e6 3.Nf3 d5 4.Nc3 Be7 5.Bf4 O-O 6.e3 c5 7.dxc5 Bxc5 8.Be2 a6
9.O-O dxc4 10.Bxc4 b5 11.Bd3 Bb7 12.Rc1 Nbd7 13.Ne5 Nxe5 14.Bxe5 Rc8 15.Qe2 Bd6
16.Bxd6 Qxd6 17.Rcd1 Qb6 18.Rd2 b4 19.Nd1 Rfd8 20.Re1 e5 21.Bf5 Rxd2 22.Qxd2 Rd8
23.Qc2 g6 24.Bd3 Qd6 25.Be2 Rc8 26.Qd3 Qxd3 27.Bxd3 Rc1 28.f3 e4 29.fxe4 Nxe4
30.Kf1 Nc5 31.Be2 Ra1 32.Bc4 Be4 33.Nf2 Bxg2+ 34.Ke2 Bf3+ 35.Kf1 Rxe1+ 36.Kxe1 a5
37.a3 bxa3 38.bxa3 Kf8 39.Nh3 h6 40.Kf2 Be4 41.Kg3 g5 42.Nf2 f5 43.h4 Ke7
44.hxg5 hxg5 45.Nh3 Kf6 46.Ng1 Bc2 47.Nf3 Ne4+ 48.Kg2 Nd6 49.Ba6 Be4 50.Kf2 Bxf3
51.Kxf3 Ke5 52.Ke2 Ne4 53.Bc8 Nc3+ 54.Kd3 Nb5 55.a4 Nd6 56.Bd7 Kd5 57.Ke2 Ne4
58.Bxf5 Ng3+ 59.Kf3 Nxf5 60.e4+ Ke5 61.exf5 Kxf5 62.Kg3 g4 63.Kg2 Kf4 64.Kf2 g3+
65.Kg2 Kg4 66.Kg1 Kf3 67.Kf1 Ke3 68.Kg2 Kf4 69.Kg1 Ke3 70.Kg2 Kd4 71.Kxg3 Kc3
72.Kf3 Kb3 73.Ke2 Kxa4 74.Kd1  1/2-1/2

[Event "RUS-ch"]
[Site "Orel"]
[Date "1992.??.??"]
[Round "?"]
[White "Agrest, Evgenij"]
[Black "Gavrilov, Alexei"]
[Result "1/2-1/2"]
[WhiteElo "2485"]
[BlackElo "2360"]

1.d4 d5 2.c4 e6 3.Nf3 Nf6 4.Nc3 Be7 5.Bf4 O-O 6.e3 Nbd7 7.cxd5 exd5 8.Bd3 c6
9.Qc2 Re8 10.h3 Nf8 11.Bh2 Bd6 12.Ne5 Qe7 13.O-O N6d7 14.Nf3 Bxh2+ 15.Nxh2 Nf6
16.Nf3  1/2-1/2